Statistics for Guess 100 brazilian footballers by image

Click here to take the quiz!

General Stats

  • This quiz has been taken 181 times
  • The average score is 57 of 100

Answer Stats

Answer% Correct
Ronaldinho
98%
Kakà
96%
Dani Alves
95%
Marcelo
95%
Casemiro
94%
Neymar
94%
Alisson
92%
Pelé
92%
Roberto Firmino
92%
Ronaldo
90%
Thiago Silva
90%
Philippe Coutinho
89%
Roberto Carlos
89%
Vinicius Jr
89%
Willian
89%
Gabriel Jesus
88%
Marquinhos
88%
Richarlison
88%
David Luiz
87%
Ederson
87%
Hulk
87%
Rivaldo
85%
Fabinho
84%
Gabriel Martinelli
84%
Antony
83%
Éder Militão
82%
Cafu
81%
Fernandinho
81%
Fred
81%
Lucas Moura
81%
Raphinha
81%
Lucas Paqueta
79%
Oscar
79%
Robinho
79%
Julio Cesar
78%
Rodrygo
78%
Adriano
77%
Dida
76%
Alexandre Pato
72%
Douglas Costa
71%
Gabriel
70%
Alex Sandro
69%
Dante
69%
Socrates
66%
Bruno Guimarães
63%
Garrincha
63%
Maicon
63%
Alex Telles
62%
Carlos Alberto
62%
Romário
62%
Filipe Luis
61%
Gleison Bremer
61%
Jairzinho
61%
Lucio
61%
Paulinho
59%
Danilo
57%
Fred
57%
Maxwell
57%
Zico
54%
Luiz Gustavo
53%
Ramires
52%
Arthur Melo
51%
Dunga
51%
Miranda
50%
Juninho Pernambucano
46%
Gabriel Barbosa/Gabigol
44%
Rogerio Ceni
41%
Claudio Taffarel
40%
Gilberto Silva
40%
Ze Roberto
40%
Bebeto
37%
Rivellino/Rivelino
36%
Felipe Melo
35%
Luisao
33%
Djalma Santos
31%
Juliano Belletti
29%
Emerson
26%
Leonardo
26%
Didi
25%
Hernanes
25%
Paulo Roberto Falcão
24%
Serginho
24%
Luis Fabiano
23%
Tostão
22%
Careca
21%
Leônidas
21%
Gérson
19%
Vavá
19%
Arthur Friedenreich
18%
Nílton Santos
17%
Aldair
15%
Éder
15%
Júnior
15%
Zito
14%
Gilmar
13%
Mario Zagallo
13%
Zizinho
13%
Toninho Cerezo
11%
José Altafini
10%
HIlderaldo Bellini
8%

Score Distribution

Percentile by Number Answered

Percent of People with Each Score

Your Score History

You have not taken this quiz